Nördlichste Länder nach Kontinent - Statistiken

Allgemein
  • Dieses Quiz wurde 19.326 mal gespielt
  • Das Durchschnittsergebnis liegt bei 24 aus 29
Antwortstatistiken
Kontinent Position Land % Korrekt
Europa 70°05' N Finnland
99%
Europa 80°49' N Norwegen
99%
Asien 81°51' N Russland
99%
Europa 81°51' N Russland
99%
Europa 69°04' N Schweden
99%
Nordamerika 83°06' N Kanada
98%
Nordamerika 71°23' N Vereinigte Staaten
98%
Afrika 31°36' N Ägypten
97%
Europa 67°08' N Island
96%
Afrika 35°55' N Marokko
96%
Nordamerika 32°43' N Mexiko
95%
Afrika 37°05' N Algerien
92%
Afrika 37°21' N Tunesien
91%
Asien 53°34' N China
90%
Asien 52º09' N Mongolei
90%
Asien 55°06' N Kasachstan
87%
Südamerika 15°50' N Kolumbien
87%
Südamerika 15°40' N Venezuela
85%
Afrika 33°10' N Libyen
84%
Nordamerika 23°16' N Kuba
78%
Südamerika 6°01' N Suriname
74%
Südamerika 8°24' N Guyana
71%
Nordamerika 27°16' N Bahamas
67%
Ozeanien 10°05' N Föderierte Staaten von Mikronesien
62%
Asien 45°36' N Usbekistan
62%
Ozeanien 14°32' N Marshallinseln
57%
Ozeanien 8°10' N Palau
57%
Ozeanien 2°03' N Kiribati
53%
Ozeanien 0°30' S Nauru
52%
Keine übereinstimmenden Quizze gefunden
Verteilung der Resultate
Anzahl Personen mit jedem Resultat
Perzentil nach korrekt beantworteten Fragen
Ihre Resultats-Entwicklung
Sie haben dieses Quiz noch nicht gespielt